| 000 | 005220000a22001690004500 | ||
|---|---|---|---|
| 090 |
_aAR _b01162 |
||
| 245 | 1 | 0 | _aRenewable natural resources and development strategies in South America |
| 650 | 1 | 4 |
_aModelos de desarrollo _98924 |
| 650 | 1 | 4 |
_aTecnologías prehispánicas _994413 |
| 650 | 1 | 4 |
_aRecursos naturales renovables _993485 |
| 651 | 4 |
_pAmérica del Sur _992749 |
|
| 041 | 0 | _aInglés | |
| 700 | 1 |
_aHortt, Guido _994414 |
|
| 100 | 1 |
_aMorello, Jorge _97745 |
|
| 942 | _cARTICULO | ||
| 773 | 1 |
_tPreprint _33 _q30-105 _d1986? |
|
| 999 |
_c10248 _d10248 |
||